Yu-Gi-Oh! Duel Monsters - Cartes signatures - Statistiques

Statistiques générales
  • Ce quiz a été pris 33 fois
  • Le résultat moyen est 12 sur 24
Statistiques - réponses
Indice Réponse % Correct
Magicien Sombre Yugi Muto/Pharaon
90%
Dragon Ultime aux Yeux Bleus Seto Kaiba
87%
Sœurs de Harpie Mai Kujaku
83%
Reine Insecte Insector Haga
77%
Le Pêcheur Légendaire Ryota Kajiki
77%
Magicien Silencieux Yugi Muto
77%
Brelan de 7 Bandit Keith
70%
Gilford, L'Éclair Katsuya Jonouchi
70%
L'Incarnation d'Apophis Rishid
63%
Orichalcos Shunoros Dartz
60%
Gardien Eatos Raphael
53%
Exodia Necross Gozaburo Kaiba
50%
Le Renoncé Pegasus J. Crawford
50%
Noyau Diabound Yami Bakura
50%
Dragon-Serpent Nocturne Dinosaur Ryuzaki
40%
Spectre Revenant Marik Ishtar/Yami Marik
37%
Hino-Kagu-Tsuchi Noa Kaiba
37%
Jinzo Esper Roba
30%
Contrecoup Sacrificiel Ishizu Ishtar
30%
Full Armor Gravitation* Valon
23%
Air Fortress Ziggurat* Amelda
20%
Little Red Riding Hood* Leonhart von Schroeder
20%
Changement de Cœur Ryo Bakura
20%
Château Doré de Stromberg Siegfried von Schroeder
10%
Aucun quiz correspondant
Distribution des résultats
% des personnes avec chaque résultat
Percentile par nombre de réponses
Votre historique - résultats
Vous n’avez pas pris ce quiz